000 00595nam a2200145Ia 4500
008 231129s2007||||xx |||||||||||||| ||spa||
020 _a978-958-98503-0-5
040 _bspa
082 _a658.4 I59ó
100 _aInstituto Colombiano para la Ciencia y la Tecnologí­a "Francisco José de Caldas" Colciencias
245 0 _aOferta de conocimiento útil para la competitividad empresarial: Portafolio de productos de los Centros Tecnológicos en Colombia
260 _c2007
264 _aBogotá Colombia : Panamericana Formas e Impresos
942 _2ddc
_cBKS
999 _c22058
_d22058